000 00519 a2200181 4500
005 20260128104459.0
008 260127b |||||||| |||| 00| 0 eng d
020 _a9781032557540
_cRs. 1695.00
040 _aMAIN
082 _a363.714
_bE27E
100 _aEccleston, Charles H
245 _aEnvironmental impact assessment: A guide to best professional practices
260 _bCRC Press
_c2023
_aLondon
300 _axxi, 268
650 _aEnvironment Science
650 _aEnvironmental Management
942 _cBK
999 _c395815
_d395815